000 00898cab a2200301 4500
001 ABS60213
008 090401t1999 xxu||||| |||| 00| 0 eng d
035 _a(Sirsi) u91885
041 _aeng
245 _aInternational
260 _c1999
350 _a0
490 _aProperty Week
_vSupplement March 1999, (29) LOAN
520 _aSupplement looking at the international property market. Includes articles on the mood of European property markets, South Africa, Germany, investment in France and the international office market.
650 _aBERLIN
650 _aEUROPEAN PROPERTY INVESTMENT
650 _aFRANCE
650 _aFRANKFURT
650 _aGERMANY
650 _aINTERNATIONAL COMPANIES
650 _aINTERNATIONAL
650 _aPREDICTIONS
650 _aSOUTH AFRICA
650 _aSURVEYING FIRMS
690 _aOVERSEAS
942 _n0
948 _c09/03/1999
999 _c58282
_d58282